[Event "Chigorin Memorial 20th"]
[Site "St Petersburg"]
[Date "2012.10.30"]
[Round "4"]
[White "Charochkina, Daria"]
[Black "Kuzmin, Egor"]
[Result "1/2-1/2"]
[WhiteElo "2343"]
[BlackElo "2140"]
[PlyCount "94"]
[EventDate "2012.10.27"]
[EventType "swiss"]
[EventRounds "9"]
[EventCountry "RUS"]
[SourceTitle "OM OTB B 201907"]
[Source "Opening Master"]
[SourceDate "2019.07.06"]
[SourceVersion "2"]
[SourceVersionDate "2019.07.06"]
[SourceQuality "1"]

1. e4 c5 2. Nf3 d6 3. d4 cxd4 4. Nxd4 Nf6 5. Nc3 Nc6 6. Be2 e5 7. Nf3 Be7 8.
O-O O-O 9. Re1 h6 10. h3 Be6 11. Bf1 Qd7 12. Nd5 Bd8 13. c4 Nh7 14. Bd2 Ng5 15.
Nxg5 Bxg5 16. Bc3 Ne7 17. Qh5 f5 18. f4 Bf7 19. Qf3 Bxd5 20. exd5 Bxf4 21. h4
Rf6 22. h5 Rc8 23. Bd4 a6 24. Bf2 Kh8 25. c5 Bd2 26. Red1 Bb4 27. c6 bxc6 28.
Bxa6 Rb8 29. dxc6 Qxc6 30. Qxc6 Nxc6 31. Rac1 Ne7 32. Bh4 Re6 33. Bc4 d5 34.
Bxd5 Nxd5 35. Rxd5 f4 36. Be1 Bxe1 37. Rxe1 Rxb2 38. Rexe5 Rxe5 39. Rxe5 Rxa2
40. Re4 Ra5 41. Rxf4 Rxh5 42. Kf2 Kh7 43. Ra4 Rb5 44. Ra3 Kg6 45. Kf3 Kf5 46.
g4+ Kg5 47. Kg3 Rc5 1/2-1/2

[Event "Chigorin Memorial 20th"]
[Site "St Petersburg"]
[Date "2012.10.30"]
[Round "4"]
[White "Dyakov, Vladislav"]
[Black "Sarana, Alexey"]
[Result "0-1"]
[WhiteElo "1854"]
[BlackElo "2118"]
[PlyCount "76"]
[EventDate "2012.10.27"]
[EventType "swiss"]
[EventRounds "9"]
[EventCountry "RUS"]
[SourceTitle "OM OTB B 201907"]
[Source "Opening Master"]
[SourceDate "2019.07.06"]
[SourceVersion "2"]
[SourceVersionDate "2019.07.06"]
[SourceQuality "1"]

1. e4 c5 2. Nf3 d6 3. d4 cxd4 4. Nxd4 Nf6 5. Nc3 Nc6 6. Be2 e5 7. Nb3 Be7 8.
Be3 O-O 9. O-O a6 10. a4 Be6 11. f3 Rc8 12. Nd5 Bxd5 13. exd5 Nb4 14. c4 a5 15.
Qd2 b6 16. Rfd1 Nd7 17. Rac1 f5 18. g3 Bf6 19. f4 e4 20. Bd4 Nc5 21. Bxf6 Qxf6
22. Nd4 Nbd3 23. Qe3 Nxc1 24. Rxc1 Nxa4 25. Ne6 Qxb2 26. Nxf8 Rxf8 27. g4 Nc5
28. Rf1 a4 29. gxf5 a3 30. f6 a2 31. Qg3 Qxf6 32. Qa3 Qd4+ 33. Kh1 Qd2 34. Bg4
e3 35. Rg1 e2 36. Qg3 Qd4 37. Qe1 Qe4+ 38. Rg2 a1=R 0-1

[Event "Buenos Aires Duchamp Memorial op 4th"]
[Site "Buenos Aires"]
[Date "2012.10.29"]
[Round "7"]
[White "Sosa, Tomas1"]
[Black "Mayorga, Nicolas"]
[Result "1/2-1/2"]
[WhiteElo "2172"]
[BlackElo "2288"]
[PlyCount "70"]
[EventDate "2012.10.22"]
[EventType "swiss"]
[EventRounds "9"]
[EventCountry "ARG"]
[SourceTitle "OM OTB B 201907"]
[Source "Opening Master"]
[SourceDate "2019.07.06"]
[SourceVersion "2"]
[SourceVersionDate "2019.07.06"]
[SourceQuality "1"]

1. e4 c5 2. Nf3 d6 3. d4 cxd4 4. Nxd4 Nf6 5. Nc3 Nc6 6. Be2 e5 7. Nf3 Be7 8.
O-O O-O 9. Bg5 Be6 10. Bxf6 Bxf6 11. Nd5 Be7 12. Qd3 Rc8 13. c3 Qd7 14. Rfd1
Bd8 15. Nd2 Ne7 16. Nxe7+ Qxe7 17. Nf1 Bb6 18. Ne3 Qf6 19. Bf3 Rfd8 20. Nd5
Bxd5 21. Qxd5 Rc7 22. Rd2 g6 23. a4 a6 24. Rf1 Kg7 25. Bd1 h5 26. Kh1 Bc5 27.
Rd3 Qf4 28. Rf3 Qc1 29. Rxf7+ Rxf7 30. Qxf7+ Kxf7 31. Bb3+ Ke7 32. Rxc1 Bxf2
33. Rf1 Rf8 34. Bd5 b6 35. g3 Be3 1/2-1/2

[Event "MN Ifjúsági Sakk Csb"]
[Site "Budapest"]
[Date "2012.10.29"]
[Round "4"]
[White "Bea, Boglarka"]
[Black "Ugroczky, Peter"]
[Result "1/2-1/2"]
[WhiteElo "2141"]
[BlackElo "1862"]
[PlyCount "48"]
[EventDate "2012.10.28"]
[EventType "swiss"]
[EventRounds "8"]
[EventCountry "HUN"]
[SourceTitle "OM OTB B 201907"]
[Source "Opening Master"]
[SourceDate "2019.07.06"]
[SourceVersion "2"]
[SourceVersionDate "2019.07.06"]
[SourceQuality "1"]

1. e4 c5 2. Nf3 d6 3. d4 cxd4 4. Nxd4 Nf6 5. Nc3 Nc6 6. Be2 e5 7. Nf3 h6 8. O-O
Be7 9. h3 O-O 10. Be3 Be6 11. Qc1 d5 12. exd5 Nxd5 13. Nxd5 Qxd5 14. Rd1 Qa5
15. a3 Qc7 16. b4 Bf6 17. c3 Rac8 18. Bd3 Rfd8 19. Be4 Ne7 20. Rxd8+ Rxd8 21.
Qc2 Nd5 22. Bd2 Nb6 23. Re1 Nc4 24. Bc1 Rc8 1/2-1/2

[Event "Chigorin Memorial 20th"]
[Site "St Petersburg"]
[Date "2012.10.29"]
[Round "3"]
[White "Saveliev, Alexei"]
[Black "Shchukin, Dmitry"]
[Result "0-1"]
[WhiteElo "2126"]
[BlackElo "2348"]
[PlyCount "62"]
[EventDate "2012.10.27"]
[EventType "swiss"]
[EventRounds "9"]
[EventCountry "RUS"]
[SourceTitle "OM OTB B 201907"]
[Source "Opening Master"]
[SourceDate "2019.07.06"]
[SourceVersion "2"]
[SourceVersionDate "2019.07.06"]
[SourceQuality "1"]

1. e4 c5 2. Nf3 d6 3. d4 cxd4 4. Nxd4 Nf6 5. Nc3 Nc6 6. Be2 e5 7. Nb3 Be7 8.
O-O O-O 9. Bf3 Be6 10. Be3 a5 11. a4 Nb4 12. Qd2 Rc8 13. Rac1 b6 14. h3 Bc4 15.
Rfd1 h6 16. Nb5 d5 17. exd5 Nbxd5 18. Bxh6 e4 19. Bxg7 exf3 20. Bxf8 Qxf8 21.
N3d4 Qg7 22. Nxf3 Bc5 23. Nbd4 Ne4 24. Qe1 Nf4 25. Nh4 Nxh3+ 26. Kh2 Nhxf2 27.
Ndf5 Ng4+ 28. Kh3 Qe5 29. Kxg4 Kh7 30. Ng6 Kxg6 31. Nh4+ Kh7 0-1

[Event "MN Ifjúsági Sakk Csb"]
[Site "Budapest"]
[Date "2012.10.28"]
[Round "1"]
[White "Berkes, Bence"]
[Black "Laza, Szabolcs"]
[Result "1/2-1/2"]
[WhiteElo "1727"]
[BlackElo "2005"]
[PlyCount "59"]
[EventDate "2012.10.28"]
[EventType "swiss"]
[EventRounds "8"]
[EventCountry "HUN"]
[SourceTitle "OM OTB B 201907"]
[Source "Opening Master"]
[SourceDate "2019.07.06"]
[SourceVersion "2"]
[SourceVersionDate "2019.07.06"]
[SourceQuality "1"]

1. e4 c5 2. Nf3 d6 3. d4 cxd4 4. Nxd4 Nf6 5. Nc3 Nc6 6. Be2 e5 7. Nb3 Be7 8.
O-O h6 9. Nd2 Be6 10. Bc4 O-O 11. Bxe6 fxe6 12. Re1 Qb6 13. Nc4 Qc5 14. b3 b5
15. Ba3 b4 16. Na4 Qd4 17. Bb2 Qxd1 18. Raxd1 Rad8 19. f3 Ne8 20. c3 Nc7 21.
cxb4 Nxb4 22. Nc3 Nc2 23. Re2 Nd4 24. Ree1 Bh4 25. Rf1 Bf6 26. Rfe1 Rfe8 27.
Na4 Ncb5 28. Nc3 Nc7 29. Na4 Na6 30. Bc3 1/2-1/2

[Event "ASEAN-ch"]
[Site "Yangon"]
[Date "2012.10.26"]
[Round "8"]
[White "Medina, Warda Aulia"]
[Black "Sie, Thu"]
[Result "1-0"]
[WhiteElo "2311"]
[BlackElo "2258"]
[PlyCount "71"]
[EventDate "2012.10.23"]
[EventType "tourn"]
[EventRounds "9"]
[EventCountry "MYA"]
[EventCategory "3"]
[SourceTitle "OM OTB B 201907"]
[Source "Opening Master"]
[SourceDate "2019.07.06"]
[SourceVersion "2"]
[SourceVersionDate "2019.07.06"]
[SourceQuality "1"]

1. e4 c5 2. Nf3 d6 3. d4 cxd4 4. Nxd4 Nf6 5. Nc3 Nc6 6. Be2 e5 7. Nb3 Be7 8.
O-O O-O 9. Re1 Be6 10. Bf3 a5 11. a4 Nb4 12. Nd2 Qc7 13. Nf1 Rfd8 14. Ne3 Rac8
15. h3 Qc5 16. Ned5 Nfxd5 17. exd5 Bd7 18. Be3 Qc7 19. Rc1 f5 20. Nb5 Qc4 21.
b3 Qh4 22. Bb6 Rf8 23. Bxa5 Na6 24. Bd2 g5 25. c4 Nc5 26. Be3 Ne4 27. Bxe4 fxe4
28. c5 Rf3 29. c6 bxc6 30. dxc6 Be6 31. Nxd6 Rcf8 32. Nxe4 g4 33. hxg4 Qxg4 34.
Bh6 Bxb3 35. Qd7 Rxf2 36. Qxg4+ 1-0

[Event "IND-ch (Women) 39th"]
[Site "Jalgaon"]
[Date "2012.10.26"]
[Round "3"]
[White "Thipsay, Bagyashree Sathe"]
[Black "Lasya, Goli"]
[Result "0-1"]
[WhiteElo "2114"]
[BlackElo "1982"]
[PlyCount "80"]
[EventDate "2012.10.24"]
[EventType "swiss"]
[EventRounds "11"]
[EventCountry "IND"]
[SourceTitle "OM OTB B 201907"]
[Source "Opening Master"]
[SourceDate "2019.07.06"]
[SourceVersion "2"]
[SourceVersionDate "2019.07.06"]
[SourceQuality "1"]

1. e4 c5 2. Nf3 d6 3. d4 Nf6 4. Nc3 cxd4 5. Nxd4 Nc6 6. Be2 e5 7. Nf3 h6 8. O-O
Be7 9. Re1 O-O 10. h3 Be6 11. Bf1 Nb8 12. b3 a6 13. a4 Nbd7 14. Bb2 Rc8 15. a5
Nb8 16. Nd5 Bxd5 17. exd5 Rc5 18. c4 Rxa5 19. Ba3 b5 20. b4 Ra4 21. cxb5 axb5
22. Bxb5 Ra7 23. Bc4 Nbd7 24. Bb3 Qb6 25. Qd2 Rfa8 26. Bb2 Rxa1 27. Bxa1 Ra3
28. Bc4 Qc7 29. Bb5 Nb6 30. Bc6 Qa7 31. Qd1 Ra2 32. Nxe5 dxe5 33. Bxe5 Bxb4 34.
Rf1 Nbd7 35. Bg3 Ne4 36. Kh2 Ndf6 37. d6 Rd2 38. Qb1 Nxg3 39. fxg3 Bxd6 40. Qe1
Qd4 0-1

[Event "Czech Fed-ch U16"]
[Site "Hrdonov"]
[Date "2012.10.23"]
[Round "4"]
[White "Vykouk, Jan1"]
[Black "Havelka, Josef"]
[Result "1/2-1/2"]
[WhiteElo "1962"]
[BlackElo "1900"]
[PlyCount "100"]
[EventDate "2012.10.20"]
[EventType "swiss"]
[EventRounds "9"]
[EventCountry "CZE"]
[SourceTitle "OM OTB B 201907"]
[Source "Opening Master"]
[SourceDate "2019.07.06"]
[SourceVersion "2"]
[SourceVersionDate "2019.07.06"]
[SourceQuality "1"]

1. e4 c5 2. Nf3 d6 3. d4 cxd4 4. Nxd4 Nf6 5. Nc3 Nc6 6. Be2 e5 7. Nf3 Be7 8. h3
h6 9. O-O Be6 10. Re1 a6 11. Bf1 b5 12. Nd5 Bxd5 13. exd5 Na5 14. c3 O-O 15. a4
Nc4 16. Rb1 Qc7 17. axb5 axb5 18. Be3 Nxe3 19. fxe3 Qc5 20. Qe2 Rfb8 21. Kh2
Nxd5 22. Nd2 Ra2 23. Ne4 Qc6 24. g3 f5 25. Nd2 Bg5 26. h4 Bxe3 27. c4 bxc4 28.
Qxc4 Qxc4 29. Bxc4 Bxd2 30. Bxa2 Bxe1 31. Bxd5+ Kf8 32. Rxe1 Rxb2+ 33. Kg1 Rd2
34. Be6 g6 35. Kf1 Ke7 36. Bc8 Kf6 37. Re2 Rd3 38. Kf2 d5 39. Re3 Rd2+ 40. Re2
Rd1 41. Re1 Rxe1 42. Kxe1 e4 43. Kf2 Ke5 44. Bd7 Kd4 45. h5 gxh5 46. Bxf5 Kd3
47. Ke1 Ke3 48. Be6 d4 49. Bd5 Kf3 50. Kd2 Kxg3 1/2-1/2

[Event "Cetinje Batricevic Memorial op"]
[Site "Cetinje"]
[Date "2012.10.22"]
[Round "4"]
[White "Draganic, Veljko"]
[Black "Cabrilo, Goran"]
[Result "1/2-1/2"]
[WhiteElo "2266"]
[BlackElo "2464"]
[PlyCount "48"]
[EventDate "2012.10.20"]
[EventType "swiss"]
[EventRounds "9"]
[EventCountry "MNE"]
[SourceTitle "OM OTB B 201907"]
[Source "Opening Master"]
[SourceDate "2019.07.06"]
[SourceVersion "2"]
[SourceVersionDate "2019.07.06"]
[SourceQuality "1"]

1. e4 c5 2. Nf3 Nc6 3. d4 cxd4 4. Nxd4 Nf6 5. Nc3 d6 6. Be2 e5 7. Nf3 h6 8. O-O
Be7 9. Re1 O-O 10. h3 Be6 11. Bf1 Nb8 12. Nd5 Nxd5 13. exd5 Bf5 14. c4 Nd7 15.
Be3 a5 16. b3 Bg6 17. Rc1 b6 18. a3 f5 19. b4 Bf6 20. Qc2 Bh7 21. Qb3 axb4 22.
axb4 Kh8 23. Rcd1 Qc7 24. Bc1 Ra7 1/2-1/2

[Event "American Continental 8th"]
[Site "Mar del Plata"]
[Date "2012.10.17"]
[Round "7"]
[White "Santiago, Yago de Moura"]
[Black "Perez Gormaz, Matias Ariel"]
[Result "1-0"]
[WhiteElo "2364"]
[BlackElo "2261"]
[PlyCount "83"]
[EventDate "2012.10.12"]
[EventType "swiss"]
[EventRounds "11"]
[EventCountry "ARG"]
[SourceTitle "OM OTB B 201907"]
[Source "Opening Master"]
[SourceDate "2019.07.06"]
[SourceVersion "2"]
[SourceVersionDate "2019.07.06"]
[SourceQuality "1"]

1. e4 c5 2. Nf3 d6 3. d4 cxd4 4. Nxd4 Nf6 5. Nc3 Nc6 6. Be2 e5 7. Nf3 h6 8. O-O
Be7 9. Re1 O-O 10. h3 Be6 11. Bf1 Rc8 12. Nd5 Bxd5 13. exd5 Nb4 14. c4 a5 15.
a3 Na6 16. Bd2 Nc5 17. b4 axb4 18. axb4 Nce4 19. Be3 b5 20. Qb3 bxc4 21. Bxc4
Qc7 22. Rec1 Qb8 23. Bf1 Nc5 24. Qa3 Ncd7 25. Rd1 Nb6 26. Qb3 Nbxd5 27. Rxd5
Nxd5 28. Qxd5 Qxb4 29. Ra7 Bf6 30. Nd2 Bg5 31. Rb7 Qa3 32. Nc4 Qa2 33. Bxg5
hxg5 34. Qd3 Qa6 35. Rb6 Qa7 36. Rxd6 Qb8 37. Nxe5 Rfd8 38. Rxd8+ Rxd8 39. Qf5
Qc7 40. Bc4 Rd1+ 41. Kh2 Re1 42. Bxf7+ 1-0

[Event "Paulista-ch zt"]
[Site "Itapetininga"]
[Date "2012.10.13"]
[Round "4"]
[White "Queiroz, Alberto Becker"]
[Black "Freitas, Romeu Salvador"]
[Result "1/2-1/2"]
[WhiteElo "1958"]
[BlackElo "2279"]
[PlyCount "158"]
[EventDate "2012.10.12"]
[EventType "swiss"]
[EventRounds "6"]
[EventCountry "BRA"]
[SourceTitle "OM OTB B 201907"]
[Source "Opening Master"]
[SourceDate "2019.07.06"]
[SourceVersion "2"]
[SourceVersionDate "2019.07.06"]
[SourceQuality "1"]

1. e4 c5 2. Nf3 d6 3. Nc3 Nf6 4. d4 cxd4 5. Nxd4 Nc6 6. Be2 e5 7. Nb3 Be7 8.
Be3 O-O 9. O-O a5 10. a4 Nb4 11. Bf3 Be6 12. Nd5 Bxd5 13. exd5 e4 14. Be2 Nfxd5
15. c3 Nxe3 16. fxe3 Nc6 17. Qd5 Qb6 18. Nd4 Nxd4 19. exd4 Qc6 20. Bc4 Bf6 21.
b3 Qxd5 22. Bxd5 Rac8 23. Rac1 Rxc3 24. Rxc3 Bxd4+ 25. Kh1 Bxc3 26. Bxe4 b6 27.
Bd5 g6 28. Rc1 Re8 29. g3 Re1+ 30. Rxe1 Bxe1 31. Kg2 Kg7 32. g4 f5 33. gxf5
gxf5 34. Kf3 Kf6 35. Bc4 Ke5 36. Ke3 f4+ 37. Kf3 Bd2 38. Bg8 h6 39. Bf7 Kd4 40.
Be6 Be3 41. Bf7 Kc5 42. Ke4 Bd2 43. Be6 Bc3 44. h3 Bd2 45. Bf7 Bc1 46. Be6 Kb4
47. Bf7 Kc3 48. Bc4 Be3 49. Bd5 Kd2 50. Bc4 Ke1 51. Kf3 Bc1 52. Bd5 Kf1 53.
Bc4+ Kg1 54. h4 Bd2 55. h5 Be3 56. Bd5 Kf1 57. Bc4+ Ke1 58. Bd5 Kd2 59. Bc4 Kc3
60. Ke4 b5 61. Bxb5 Kxb3 62. Bd7 Kc4 63. Be6+ Kc5 64. Bf7 Kb4 65. Be8 Bd2 66.
Bd7 Kc5 67. Be6 Kc6 68. Bd5+ Kd7 69. Kf5 Ke7 70. Bf3 Kf7 71. Bd5+ Ke7 72. Bf3
Kf7 73. Bd5+ Ke7 74. Bf3 Kf7 75. Bd5+ Ke7 76. Bf3 Bc1 77. Bd5 Bd2 78. Bf3 Kf7
79. Bd5+ Ke7 1/2-1/2

[Event "FICS unrated standard game"]
[Site "FICS freechess.org"]
[Date "2012.10.13"]
[Round "?"]
[White "WIMBronnikova"]
[Black "IMKovalevskaya"]
[Result "1/2-1/2"]
[WhiteElo "2238"]
[BlackElo "2405"]
[PlyCount "120"]
[EventDate "2012.??.??"]

1. e4 c5 2. Nf3 Nc6 3. d4 cxd4 4. Nxd4 Nf6 5. Nc3 d6 6. Be2 e5 7. Nf3 h6 8. O-O
Be7 9. Re1 O-O 10. h3 a6 11. b3 Be6 12. Bb2 Rc8 13. Bf1 Qa5 14. Qd2 b5 15. Rad1
Rfd8 16. Nd5 Bxd5 17. exd5 Qxd2 18. Rxd2 Nb8 19. c4 bxc4 20. Bxc4 Nfd7 21. a4
Nb6 22. Bf1 Rc5 23. Bd4 exd4 24. Rxe7 Nxd5 25. Rb7 Rc1 26. Nxd4 Nc3 27. Rc2
Rxc2 28. Nxc2 Nd7 29. Rc7 Nc5 30. Bc4 d5 31. Rxc5 dxc4 32. Rxc4 Ne2+ 33. Kf1
Nc1 34. Nd4 Nd3 35. Nf5 Rb8 36. Rc3 Nb4 37. Rc8+ Rxc8 38. Ne7+ Kf8 39. Nxc8 Ke8
40. Ke2 Kd7 41. Nb6+ Kc6 42. Nc4 Kc5 43. Ne5 Kd4 44. Nxf7 Kc3 45. Nd6 Kxb3 46.
a5 Ka4 47. Nf5 Kxa5 48. Nxg7 Kb5 49. Nf5 a5 50. Nd6+ Kc6 51. Nc4 a4 52. g4 Kc5
53. Na3 Nd5 54. h4 Kb4 55. Nc2+ Kc3 56. Na3 Kb3 57. Nb5 Kc4 58. Na3+ Kb3 59.
Nb5 Kc4 60. Na3+ Kb3 1/2-1/2

[Event "HUN-chT2 Toth 1213"]
[Site "Hungary"]
[Date "2012.10.07"]
[Round "2.1"]
[White "Csikos, Mihaly"]
[Black "Simonyi, Zoltan"]
[Result "1/2-1/2"]
[WhiteElo "2057"]
[BlackElo "2212"]
[PlyCount "106"]
[EventDate "2012.09.16"]
[EventType "team-tourn"]
[EventRounds "11"]
[EventCountry "HUN"]
[SourceTitle "OM OTB B 201907"]
[Source "Opening Master"]
[SourceDate "2019.07.06"]
[SourceVersion "2"]
[SourceVersionDate "2019.07.06"]
[SourceQuality "1"]

1. e4 c5 2. Nf3 d6 3. d4 cxd4 4. Nxd4 Nf6 5. Nc3 Nc6 6. Be2 e5 7. Nxc6 bxc6 8.
Bg5 Rb8 9. Rb1 Be6 10. O-O Be7 11. Bd3 O-O 12. Qe2 h6 13. Bh4 Qc7 14. Bg3 Rfe8
15. b3 Nd7 16. f4 exf4 17. Bxf4 Ne5 18. Bxe5 dxe5 19. Bc4 Rb4 20. Bxe6 Bc5+ 21.
Kh1 Rxe6 22. Na4 Be7 23. c3 Rb8 24. Rbd1 Rg6 25. Qc4 Bd6 26. Nc5 Bxc5 27. Qxc5
Re8 28. b4 Qb7 29. Qc4 Ree6 30. Rd8+ Kh7 31. a4 Ref6 32. Rdd1 Qb6 33. Qe2 a5
34. b5 Qc5 35. c4 cxb5 36. cxb5 Qc3 37. Rf3 Rxf3 38. Qxf3 Qc2 39. Ra1 Rf6 40.
Qe3 g6 41. h3 Rf2 42. Rc1 Qb2 43. Rg1 Kg7 44. Qa7 Rf4 45. Qxa5 Rxe4 46. Qc7
Rxa4 47. Rf1 Rf4 48. Rxf4 exf4 49. b6 f3 50. gxf3 Qf2 51. Qc3+ Kh7 52. Qb3 Qf1+
53. Kh2 Qf2+ 1/2-1/2

[Event "FICS rated standard game"]
[Site "FICS freechess.org"]
[Date "2012.10.06"]
[Round "?"]
[White "GnuCheese"]
[Black "hughjarse"]
[Result "0-1"]
[WhiteElo "2412"]
[BlackElo "2427"]
[PlyCount "78"]
[EventDate "2012.??.??"]

1. e4 c5 2. Nf3 d6 3. d4 cxd4 4. Nxd4 Nf6 5. Nc3 Nc6 6. Be2 e5 7. Nf3 h6 8. O-O
Be7 9. Re1 O-O 10. Bf1 Qa5 11. Nd5 Nxd5 12. exd5 Nb8 13. Qd3 Nd7 14. Bd2 Qc7
15. Nd4 Nc5 16. Qe2 a5 17. a4 Bd7 18. Nb5 Qb6 19. Qh5 f5 20. b3 f4 21. Nc3 Rf5
22. Qf3 Rg5 23. Qd1 Bf6 24. Rb1 Rc8 25. Bb5 Bh3 26. Bf1 Bf5 27. Bc4 Rf8 28. g3
e4 29. Ne2 e3 30. fxe3 fxg3 31. h4 Rg4 32. Rf1 Be4 33. Rf4 Rxh4 34. Rxh4 Bxh4
35. Nc3 Qd8 36. Qg4 Bf5 37. Qh5 Bh3 38. Qg6 Rf2 39. Ne2 Rg2+ 0-1

[Event "?"]
[Site "?"]
[Date "2012.10.04"]
[Round "?"]
[White "Pasiev, Rakhim"]
[Black "Sarana, Alexey"]
[Result "1-0"]
[WhiteElo "2333"]
[BlackElo "2118"]
[PlyCount "144"]
[EventDate "2012.02.20"]
[EventRounds "7"]
[SourceTitle "OM OTB B 201907"]
[Source "Opening Master"]
[SourceDate "2019.07.06"]
[SourceVersion "2"]
[SourceVersionDate "2019.07.06"]
[SourceQuality "1"]

1. e4 c5 2. Nf3 d6 3. d4 cxd4 4. Nxd4 Nf6 5. Nc3 Nc6 6. Be2 e5 7. Nf3 h6 8. O-O
Be7 9. Re1 O-O 10. h3 a6 11. Bf1 b5 12. a4 b4 13. Nd5 Nxd5 14. exd5 Nb8 15. a5
Bf5 16. Bd2 Qc7 17. Bxb4 Bxc2 18. Qd2 Qb7 19. Nxe5 dxe5 20. Bxe7 Qxe7 21. Qxc2
Nd7 22. Rac1 Nf6 23. Red1 Rfd8 24. Qc5 Rd6 25. b4 e4 26. Rc2 Qe5 27. Rcd2 g5
28. Qd4 Qf5 29. Qe3 h5 30. Be2 Kg7 31. Qg3 Rad8 32. h4 g4 33. Bc4 Kg8 34. Qe3
Rb8 35. Rb2 Rbd8 36. Qg5+ Qxg5 37. hxg5 Nh7 38. b5 axb5 39. Rxb5 Nxg5 40. Rb6
Rxb6 41. axb6 e3 42. fxe3 Ne4 43. Rd4 Nd6 44. Ba6 Kf8 45. b7 Ke7 46. Rb4 Rb8
47. Kh2 Kf6 48. Rb1 Ke5 49. Rc1 Kxd5 50. Rc8 Rxb7 51. Bxb7+ Nxb7 52. Kg3 Nd6
53. Rh8 Ke4 54. Rxh5 Nf5+ 55. Kxg4 Nxe3+ 56. Kh3 f5 57. Rh8 Kf4 58. Rg8 Nf1 59.
Kh4 Ne3 60. Rg7 Ke4 61. Re7+ Kf4 62. g3+ Kf3 63. Ra7 Nf1 64. Ra2 Ne3 65. Ra3
Kf2 66. Kg5 Nf1 67. Kf4 Kg2 68. Rb3 Kh2 69. Rf3 Nd2 70. Rf2+ Kh3 71. g4 Ne4 72.
Rf3+ Kh4 1-0

[Event "CRO-chT1A 21st"]
[Site "Sibenik"]
[Date "2012.10.01"]
[Round "9.46"]
[White "Vukelic, Tomislav"]
[Black "Jankovic, Alojzije"]
[Result "0-1"]
[WhiteElo "2214"]
[BlackElo "2540"]
[PlyCount "80"]
[EventDate "2012.09.23"]
[EventType "team-tourn"]
[EventRounds "9"]
[EventCountry "CRO"]
[SourceTitle "OM OTB B 201907"]
[Source "Opening Master"]
[SourceDate "2019.07.06"]
[SourceVersion "2"]
[SourceVersionDate "2019.07.06"]
[SourceQuality "1"]

1. e4 c5 2. Nf3 Nc6 3. d4 cxd4 4. Nxd4 Nf6 5. Nc3 d6 6. Be2 e5 7. Nb3 Be7 8.
O-O O-O 9. Be3 Be6 10. Bf3 a5 11. Nd5 Bxd5 12. exd5 Nb4 13. c3 Na6 14. Qd3 Nd7
15. Bg4 a4 16. Bxd7 Qxd7 17. Nd2 f5 18. f3 Rac8 19. Rfd1 b5 20. Rac1 Nc5 21.
Qe2 Qb7 22. Nb1 Nd7 23. Na3 Rb8 24. Nc2 Bd8 25. Nb4 Bb6 26. Nc6 Rbe8 27. b3 e4
28. Bd4 axb3 29. axb3 exf3 30. Qxf3 Ne5 31. Nxe5 Rxe5 32. Kh1 Bxd4 33. Rxd4 Qe7
34. h3 Re3 35. Qf4 g5 36. Qf2 f4 37. Rg1 f3 38. Rg4 Re2 39. Qg3 f2 40. Rxg5+
Kh8 0-1

[Event "FICS rated standard game"]
[Site "FICS freechess.org"]
[Date "2012.10.01"]
[Round "?"]
[White "Maverikko"]
[Black "GnuCheese"]
[Result "1-0"]
[WhiteElo "2530"]
[BlackElo "2431"]
[PlyCount "99"]
[EventDate "2012.??.??"]

1. e4 c5 2. Nf3 d6 3. d4 cxd4 4. Nxd4 Nf6 5. Nc3 Nc6 6. Be2 e5 7. Nf3 Be7 8.
Bg5 O-O 9. Bxf6 Bxf6 10. Nd5 Be6 11. c3 Ne7 12. Nxf6+ gxf6 13. O-O Qb6 14. Qc2
Ng6 15. g3 Kh8 16. Nd2 Rac8 17. a4 Rg8 18. a5 Qc5 19. Rfe1 b5 20. axb6 Nf4 21.
Bf1 axb6 22. Ra7 b5 23. Rea1 d5 24. exd5 Qxd5 25. Ne4 Bf5 26. f3 Rcd8 27. R7a5
Rb8 28. Ra6 Rg6 29. b4 Kg7 30. Kf2 Ne6 31. Qd3 Qb7 32. Ra7 Qc6 33. R1a6 Qc8 34.
Qd6 Bxe4 35. Qxe6 Qxe6 36. Rxe6 Bd5 37. Ree7 h5 38. Rec7 Rg5 39. Rc5 Rd8 40.
Bxb5 Rf5 41. Rd7 Rxd7 42. Bxd7 Rxf3+ 43. Ke2 Be4 44. b5 h4 45. Bc6 f5 46. Bxe4
fxe4 47. b6 hxg3 48. hxg3 Rxg3 49. c4 Kf6 50. b7 1-0

[Event "San Cristobal Bolivar op 1st"]
[Site "San Cristobal"]
[Date "2012.09.27"]
[Round "4"]
[White "Conti, Julian"]
[Black "Tovio, Israel"]
[Result "0-1"]
[WhiteElo "2023"]
[BlackElo "2257"]
[PlyCount "76"]
[EventDate "2012.09.25"]
[EventType "swiss"]
[EventRounds "10"]
[EventCountry "VEN"]
[SourceTitle "OM OTB B 201907"]
[Source "Opening Master"]
[SourceDate "2019.07.06"]
[SourceVersion "2"]
[SourceVersionDate "2019.07.06"]
[SourceQuality "1"]

1. e4 c5 2. Nf3 d6 3. d4 cxd4 4. Nxd4 Nf6 5. Nc3 Nc6 6. Be2 e5 7. Nb3 Be7 8.
Be3 O-O 9. f3 a5 10. Qd2 a4 11. Nc1 a3 12. b3 Nb4 13. Bc4 Be6 14. Nd5 Nbxd5 15.
Bxd5 Bxd5 16. exd5 Nd7 17. Ne2 f5 18. O-O Bf6 19. Rac1 Qc7 20. c4 b6 21. Nc3
Nc5 22. Rc2 e4 23. Nb5 Qe7 24. Bf4 Be5 25. Bg5 Qd7 26. Be3 exf3 27. Rxf3 f4 28.
Bd4 Bxd4+ 29. Qxd4 Rae8 30. Rcf2 Re4 31. Qd2 Qe7 32. b4 Re1+ 33. Rf1 Rxf1+ 34.
Kxf1 Ne4 35. Qd1 Qh4 36. Kg1 Ng5 37. Rf2 f3 38. Qd4 Ne4 0-1

[Event "SRB-chT"]
[Site "Valjevo"]
[Date "2012.09.25"]
[Round "9.5"]
[White "Andrijevic, Milan"]
[Black "Bogosavljevic, Boban"]
[Result "0-1"]
[WhiteElo "2357"]
[BlackElo "2497"]
[PlyCount "132"]
[EventDate "2012.09.17"]
[EventType "team-tourn"]
[EventRounds "11"]
[EventCountry "SRB"]
[SourceTitle "OM OTB B 201907"]
[Source "Opening Master"]
[SourceDate "2019.07.06"]
[SourceVersion "2"]
[SourceVersionDate "2019.07.06"]
[SourceQuality "1"]

1. e4 c5 2. Nf3 Nc6 3. d4 cxd4 4. Nxd4 Nf6 5. Nc3 d6 6. Be2 e5 7. Nb3 Be7 8.
Be3 O-O 9. O-O a5 10. f3 a4 11. Nc1 a3 12. bxa3 Be6 13. Nd5 Bxd5 14. exd5 Nd4
15. Bxd4 exd4 16. Qxd4 Nd7 17. Rb1 Bf6 18. Qd2 Nc5 19. Nb3 Na4 20. c4 Re8 21.
Bd3 b6 22. Rfe1 Rxe1+ 23. Qxe1 Nc3 24. Rb2 Rxa3 25. Nc1 Ra8 26. Rc2 Na4 27. Nb3
g6 28. g3 Kg7 29. Kg2 Nb2 30. Qd2 Na4 31. Bf1 h5 32. h4 Nc5 33. Nd4 Bxd4 34.
Qxd4+ Qf6 35. Qxf6+ Kxf6 36. Rb2 Ra6 37. g4 Ke5 38. gxh5 gxh5 39. Kg3 Ra3 40.
Re2+ Kf6 41. Rb2 Ke5 42. Re2+ Kf5 43. Re8 Kf6 44. Rh8 Ke5 45. Re8+ Kf5 46. Bh3+
Kf6 47. Rh8 Ne4+ 48. Kf4 Nd2 49. Rh6+ Kg7 50. Rxh5 Rxf3+ 51. Kg4 Rc3 52. Rg5+
Kf8 53. Bg2 Nxc4 54. Kf4 Ne5 55. h5 Ke7 56. Rg3 Rc4+ 57. Kg5 Rc8 58. Kf5 Rh8
59. Rh3 Rg8 60. Be4 Rg1 61. Kf4 Rf1+ 62. Kg3 f5 63. Bg2 f4+ 64. Kh4 Rg1 65. Bf3
Kf6 66. a4 Kf5 0-1